Villages located in ''Westland'' - Statistieken

Algemene statistieken
  • Deze quiz is 8 keer genomen
  • De gemiddelde score is 4 van 10
Antwoordstatistieken
Hint Antwoord % Correct
N Naaldwijk
100%
M Monster
57%
P Poeldijk
57%
's 's-Gravenzande
57%
D De Lier
43%
H Honselersdijk
29%
K Kwintsheul
29%
M Maasdijk
29%
W Wateringen
29%
T Ter Heijde
14%
Geen overeenkomende quizzen gevonden
Scoreverdeling
Procent van Mensen met Elke Score
Percentiel versus Aantal Correcte Antwoorden
Uw Scoregeschiedenis
U heeft deze quiz nog niet genomen